Nur der Name war geblieben : die abenteuerliche Geschichte der Firma Carl Zeiss

Bibliographische Detailangaben
1. Verfasser: Hermann, Armin 1933-2024 (VerfasserIn)
Format: Buch
Sprache:German
Veröffentlicht: Stuttgart : Dt. Verl.-Anst., 1989
Ausgabe:2. Aufl.
Schlagworte:Carl-Zeiss-Stiftung <Heidenheim, Brenz; Jena> Optische Industrie Unternehmensgeschichte Zeiss, Carl Carl Zeiss <Oberkochen> Carl Zeiss Jena GmbH Unternehmen
Umfang:367 S
LEADER 01000cam a2200265 c 4500
001 015437205
003 DE-627
005 20250628151242.0
007 tu
008 900711s1989 gw ||||| 00| ||ger c
015 |a 89,N44,0512  |2 dnb 
015 |a 90,A04,1464  |2 dnb 
016 7 |a 891586229  |2 DE-101 
020 |a 3421065152  |9 3-421-06515-2 
035 |a (DE-627)015437205 
035 |a (DE-576)019868014 
035 |a (DE-599)GBV015437205 
040 |a DE-627  |b ger  |c DE-627  |e rakwb 
041 |a ger 
044 |c XA-DE 
084 |a WI 376  |2 sfb 
084 |a WI 152 ZEI  |2 sfb 
084 |a 65  |2 sdnb 
084 |a QR 523  |2 rvk  |0 (DE-625)rvk/142042: 
084 |a QR 525  |2 rvk  |0 (DE-625)rvk/142044: 
084 |a QR 529  |2 rvk  |0 (DE-625)rvk/142048: 
084 |a NW 6075  |2 rvk  |0 (DE-625)rvk/132234: 
084 |a 633  |2 bwlb 
100 1 |a Hermann, Armin  |d 1933-2024  |e verfasserin  |0 (DE-588)120167743  |0 (DE-627)08049482X  |0 (DE-576)161393934  |4 aut 
245 1 0 |a Nur der Name war geblieben  |b die abenteuerliche Geschichte der Firma Carl Zeiss  |c Armin Hermann 
250 |a 2. Aufl. 
264 1 |a Stuttgart  |b Dt. Verl.-Anst.  |c 1989 
300 |a 367 S  |b Ill  |c 22 cm 
336 |a Text  |b txt  |2 rdacontent 
337 |a ohne Hilfsmittel zu benutzen  |b n  |2 rdamedia 
338 |a Band  |b nc  |2 rdacarrier 
583 1 |a Archivierung/Langzeitarchivierung gewährleistet  |f PEBW  |x XA-DE-BW  |2 pdager  |5 DE-24 
610 2 7 |0 (DE-588)16104027-5  |0 (DE-627)653928777  |0 (DE-576)338595511  |a Carl Zeiss AG  |2 gnd  |7 (dpeaa)DE-631 
648 7 |a Geschichte 1945-2000  |2 gnd  |7 (dpeaa)DE-631 
648 4 |a 20. Jahrhundert 1945-2000  |0 (DE-631)36182  |7 (dpeaa)DE-631 
650 7 |a Carl-Zeiss-Stiftung <Heidenheim, Brenz; Jena>  |0 (DE-631)36035  |2 DE-631  |7 (dpeaa)DE-631 
650 0 7 |0 (DE-588)4172664-9  |0 (DE-627)10538562X  |0 (DE-576)209944870  |a Optische Industrie  |2 gnd  |7 (dpeaa)DE-631 
650 4 |a Unternehmensgeschichte  |0 (DE-631)38757  |7 (dpeaa)DE-631 
651 7 |0 (DE-588)4042939-8  |0 (DE-627)106211935  |0 (DE-576)209053321  |a Oberkochen  |2 gnd  |7 (dpeaa)DE-631 
689 0 0 |D p  |0 (DE-588)118772430  |0 (DE-627)141945303  |0 (DE-576)209437014  |a Zeiss, Carl  |d 1816-1888  |2 gnd 
689 0 |5 (DE-627) 
856 4 2 |u http://d-nb.info/891586229/04  |m B:DE-101  |q application/pdf  |3 Inhaltsverzeichnis  |7 1 
912 |a GBV_ILN_22 
912 |a ISIL_DE-18 
912 |a SYSFLAG_1 
912 |a GBV_KXP 
912 |a SSG-OLC-PHA 
912 |a GBV_ILN_31 
912 |a ISIL_DE-27 
912 |a GBV_ILN_69 
912 |a ISIL_DE-9 
912 |a GBV_ILN_150 
912 |a ISIL_DE-J59 
912 |a GBV_ILN_227 
912 |a ISIL_DE-56 
912 |a GBV_ILN_350 
912 |a ISIL_DE-2795 
912 |a GBV_ILN_350_ 
912 |a GBV_ILN_2008 
912 |a ISIL_DE-24 
912 |a GBV_ILN_2014 
912 |a ISIL_DE-90 
912 |a GBV_ILN_2018 
912 |a ISIL_DE-31 
912 |a GBV_ILN_2111 
912 |a ISIL_DE-944 
912 |a GBV_ILN_2488 
912 |a ISIL_DE-F207 
912 |a GBV_ILN_2502 
912 |a ISIL_DE-B1518 
912 |a GBV_ILN_2568 
912 |a ISIL_DE-631 
935 |a BWLB 
935 |i Blocktest 
936 r v |a QR 523  |b Maschinen, Werkzeuge. Elektrische Ausrüstung  |k Wirtschaftswissenschaften  |k Gewerbepolitik. Einzelne Wirtschaftszweige  |k Industrie, Bergbau, Handel, Dienstleistungen, Handwerk  |k Verarbeitende Industrie  |k Maschinen, Werkzeuge. Elektrische Ausrüstung  |0 (DE-627)1271501538  |0 (DE-625)rvk/142042:  |0 (DE-576)201501538 
936 r v |a QR 525  |b Chemikalien, Pharmazeutika. Kunststoffe. Keramik, Glas, Gummi  |k Wirtschaftswissenschaften  |k Gewerbepolitik. Einzelne Wirtschaftszweige  |k Industrie, Bergbau, Handel, Dienstleistungen, Handwerk  |k Verarbeitende Industrie  |k Chemikalien, Pharmazeutika. Kunststoffe. Keramik, Glas, Gummi  |0 (DE-627)1270876899  |0 (DE-625)rvk/142044:  |0 (DE-576)200876899 
936 r v |a QR 529  |b Sonstige verarbeitende Industriezweige  |k Wirtschaftswissenschaften  |k Gewerbepolitik. Einzelne Wirtschaftszweige  |k Industrie, Bergbau, Handel, Dienstleistungen, Handwerk  |k Verarbeitende Industrie  |k Sonstige verarbeitende Industriezweige  |0 (DE-627)1270877070  |0 (DE-625)rvk/142048:  |0 (DE-576)200877070 
936 r v |a NW 6075  |b Physikalische, chemische, feinmechanische und optische Instrumente  |k Geschichte  |k Wirtschafts- und Sozialgeschichte  |k Spezielle Wirtschaftsgeschichte  |k Firmengeschichte  |k Instrumente und Apparate  |k Physikalische, chemische, feinmechanische und optische Instrumente  |0 (DE-627)1271540282  |0 (DE-625)rvk/132234:  |0 (DE-576)201540282 
951 |a BO 
980 |2 22  |1 01  |x 0018  |b 079407862  |c 00  |f SUB  |d A 1990/3756  |e u  |j --%%--  |y zu  |z 07-11-90 
980 |2 31  |1 01  |x 0027  |b 150076401  |c 00  |f Mag  |d 2014 NA 7158  |e u  |j --%%--  |c 09  |f --%%--  |d 94 NA 11293/1  |e --%%--  |j --%%--  |y r  |z 30-06-14 
980 |2 69  |1 01  |x 0009  |b 241608015  |c 00  |f BB 310  |d 310/NW 6075 H552(2)  |e u  |j --%%--  |y z  |z 18-12-01 
980 |2 150  |1 01  |x 3406  |b 1649859120  |c 00  |f Mag  |d 15.09-16/02554  |e u  |j --%%--  |y z  |z 05-10-18 
980 |2 227  |1 01  |x 0056  |b 275795225  |c 00  |f --%%--  |d I 112-179  |e u  |j --%%--  |y x  |z 09-03-98 
980 |2 350  |1 01  |x 8293  |b 098137433  |c 00  |f LESESAAL  |d Ch 3712  |e i  |j --%%--  |y n  |z 04-09-99 
980 |2 2008  |1 01  |x DE-24  |b 3334997324  |c 00  |f --%%--  |d 39/19721  |e --%%--  |j --%%--  |k hs 3a px r  |y l01  |z 07-09-90 
980 |2 2014  |1 01  |x DE-90  |b 3334997359  |c 00  |f --%%--  |d 90 A 1456(2)  |e --%%--  |j --%%--  |y l01  |z 15-05-90 
980 |2 2018  |1 01  |x DE-31  |b 3334997375  |c 00  |f --%%--  |d --%%--  |e --%%--  |j --%%--  |k 06.03.90/ha  |y l01  |z 06-03-90 
980 |2 2111  |1 01  |x DE-944  |b 333499743X  |c 00  |f --%%--  |d 06 Her  |e --%%--  |j l  |y l01  |z 08-01-14 
980 |2 2488  |1 01  |x DE-F207  |b 3334997464  |c 00  |f --%%--  |d G 2699  |e p  |j --%%--  |y l01  |z 19-03-14 
980 |2 2502  |1 01  |x DE-B1518  |b 3334997499  |c 00  |f --%%--  |d B 7704  |e --%%--  |j --%%--  |y l01  |z 13-07-15 
980 |2 2568  |1 01  |x DE-631  |b 4432341882  |c 00  |f --%%--  |d --%%--  |e --%%--  |j n  |k Nachweis der Landesbibliographie Baden-Württemberg  |y l01  |z 11-12-23 
982 |2 22  |1 01  |x 0018  |8 00  |0 (DE-627)052114899  |a Zeisswerke 
982 |2 31  |1 00  |x DE-27  |8 00  |a Carl Zeiss <Oberkochen> / Geschichte 
982 |2 31  |1 00  |x DE-27  |8 01  |a Carl Zeiss Jena GmbH / Geschichte 
982 |2 350  |1 01  |x 8293  |8 00  |a Carl Zeiss <Oberkochen> 
982 |2 350  |1 01  |x 8293  |8 00  |a Carl Zeiss Jena GmbH 
982 |2 350  |1 01  |x 8293  |8 00  |a Optische Industrie 
982 |2 350  |1 01  |x 8293  |8 00  |a Unternehmen 
982 |2 2502  |1 01  |x DE-B1518  |8 00  |s s  |a Carl Zeiss <Jena> 
983 |2 22  |1 01  |x 0018  |8 00  |a 460.2 Zeiss 
983 |2 31  |1 00  |x DE-27  |8 00  |a WIR:EP:100 
983 |2 2488  |1 01  |x DE-F207  |8 00  |a 6/19 
984 |2 22  |1 01  |x 0018  |a 9041037569 
984 |2 31  |1 01  |x 0027  |a 27$004023382 
984 |2 69  |1 01  |x 0009  |a 9$00128880 
984 |2 150  |1 01  |x 3406  |a 1602554 
984 |2 227  |1 01  |x 0056  |a 56$000451523 
984 |2 350  |1 01  |x 8293  |a 8293000419343 
985 |2 31  |1 01  |x 0027  |a B94/R/56875 
985 |2 69  |1 01  |x 0009  |a 91.2323 
985 |2 150  |1 01  |x 3406  |a 16/02554 
985 |2 227  |1 01  |x 0056  |a 90.818 
985 |2 350  |1 01  |x 8293  |a 90/106 
985 |2 2488  |1 01  |x DE-F207  |a 2014:016005 
998 |2 2488  |1 01  |x DE-F207  |0 0414